[Event "SVK Extraliga 2017-18"]
[Site "Slovakia"]
[Date "2017.12.09"]
[Round "5"]
[White "Leniart, Arkadiusz"]
[Black "Markos, Jan"]
[Result "1/2-1/2"]
[WhiteElo "2492"]
[BlackElo "2553"]
[Annotator "TA"]
[PlyCount "84"]
[EventDate "2017.??.??"]
[EventType "team-tourn"]
[EventCountry "SVK"]
[SourceTitle "playchess.com"]
[Source "ChessBase"]
[SourceQuality "1"]

{[%evp 20,84,15,12,5,-4,31,20,18,20,27,23,29,31,50,36,46,28,128,122,117,98,102,109,104,60,60,58,100,100,100,100,149,140,145,135,143,83,130,91,128,126,231,122,108,118,125,125,122,66,108,95,114,112,672,667,619,493,706,0,0,0,0,0,0,0,0]} 1. d4 Nf6 2. c4 c5 3. d5 b5 4. cxb5 a6 5. b6 e6 6. Nc3 exd5 7. Nxd5 Nxd5 8. Qxd5 Nc6 9. e4 Be7 10. Bc4 O-O 11. Nf3 {Black should prevent Ng5.} Bb7 {A57: Benko/Volga Gambit} (11... Rb8 12. Bd2 Rxb6 13. Bc3 d6 14. O-O Bf6 15. Rfd1 Bxc3 16. bxc3 Na5 17. Bd3 Be6 18. Qh5 h6 19. e5 d5 {½-½ (54) Rakhmanov,A (2670)-Esipenko,A (2523) Sochi 2017}) 12. Qd1 Qxb6 13. O-O Nd4 $146 ({Predecessor:} 13... Rad8 14. Bf4 Nd4 15. Nxd4 cxd4 16. Qe2 Rfe8 17. Bd3 Bd6 18. e5 Qa5 19. Bxh7+ Kxh7 {½-½ (36) Pisulinski,J (2390)-Pinski,J (2270) Polanica Zdroj 1995}) 14. Nxd4 cxd4 15. Re1 Rae8 16. Bd2 Qg6 17. Bd3 Bd6 {[%cal Rb7e4]} 18. f3 (18. Qf3 {looks sharper.} Re6 19. Qf5 Bc6 20. Qxg6 hxg6 21. Bxa6 Rxe4 22. Bc4) 18... Re5 {[#]} (18... Re6 $11) 19. Bf4 $1 $16 h5 20. Bxe5 Bxe5 21. Qd2 Qf6 22. g3 {Threatens to win with f4.} Qxf3 23. Qd1 Qf6 24. Qxh5 g6 25. Qg4 Bc8 26. Rac1 Qd8 27. Qf3 Kg7 28. h4 (28. Bc4 $142) 28... d6 29. Rc2 Be6 30. Bc4 Qb6 (30... Bxc4 $16 31. Rxc4 Qa5) 31. Kg2 ({White must play} 31. Bxe6 $18 fxe6 32. Qd3) 31... Bxc4 32. Rxc4 Qxb2+ 33. Re2 Qb5 34. Qb3 (34. Rec2 $16) 34... Qd7 35. Rec2 d5 36. Rc5 dxe4 $2 {[%mdl 8192] [#]} (36... Qg4 $16) 37. Rxe5 $18 d3 38. Rf2 f6 (38... Rd8 $142 39. Qc3 (39. Rxe4 d2 $16) 39... Kg8) 39. Qd5 $2 ({White should play} 39. Rxe4 $18 d2 40. Rf1) 39... Rd8 $36 {[%mdl 2048] The position is equal. Black fights for an advantage.} 40. Qxd7+ Rxd7 41. Rxe4 d2 42. Re7+ Rxe7 {Precision: White = 55%, Black = 31%.} 1/2-1/2

[Event "SVK Extraliga 2017-18"]
[Site "Slovakia"]
[Date "2017.12.09"]
[Round "5"]
[White "Ponizil, Cyril"]
[Black "Pechac, Jergus"]
[Result "1-0"]
[WhiteElo "2477"]
[BlackElo "2449"]
[Annotator "TA"]
[PlyCount "125"]
[EventDate "2017.??.??"]
[EventType "team-tourn"]
[EventCountry "SVK"]
[SourceTitle "playchess.com"]
[Source "ChessBase"]
[SourceQuality "1"]

{[%evp 25,125,17,31,5,32,16,32,0,0,0,0,0,-8,-64,-59,-58,-57,-64,-20,-35,-25,-31,-22,-34,-20,-66,-33,-39,-33,-57,0,-43,0,-64,0,-54,0,-58,-36,-41,57,62,58,0,0,0,39,0,0,0,0,-8,0,0,0,0,0,-62,0,-5,41,0,0,-49,0,0,0,0,0,0,56,-59,-40,-50,-33,-83,-39,-93,-97,-89,-105,-118,0,0,0,0,0,0,37,37,31,30,37,37,121,145,121,121,29993,29994,29994,29995]} 1. e4 e5 2. Nf3 Nc6 3. Bb5 Nf6 4. O-O Nxe4 5. d4 Nd6 6. Bxc6 dxc6 7. dxe5 Nf5 8. Qxd8+ Kxd8 9. h3 Bd7 10. b3 Kc8 11. Bb2 h6 12. Nc3 Ne7 13. Rad1 Ng6 14. Ne2 {C67: Ruy Lopez: Berlin Defence: 4 0-0 Nxe4} c5 15. c4 (15. Ne1 h5 16. f4 Ne7 17. Nf3 Nf5 18. Ng5 Be8 19. e6 {½-½ (52) Stellwagen,D (2625)-McShane,L (2671) Germany 2012}) 15... a5 16. a4 {White is slightly better.} Ra6 $146 ({Predecessor:} 16... b6 17. Ne1 h5 18. Nc2 h4 19. Ne3 {½-½ (31) Balcerak,J (2416)-Grabarczyk,M (2470) Germany 2005}) 17. Rd3 Be7 18. Nd2 Bf5 19. Rf3 (19. Re3 $11) 19... Rd8 $15 20. Bc3 Nh4 21. Re3 g5 22. Ne4 Rb6 23. Nc1 Re6 24. Ng3 b6 25. Nh5 {Black should prevent Ng7.} Rg6 26. g4 Bc2 27. f3 Re6 ({Black should try} 27... Rgg8 $15) 28. Ng7 Rg6 29. Nh5 $1 Re6 30. Ng7 Rg6 31. Nh5 Rc6 32. Kf2 Ng6 (32... Bg6 $15) 33. Re2 $1 $14 {[%cal Re2c2]} Bd1 34. Ree1 Bc2 35. Re2 Bd1 $1 {[%cal Rd1e2]} 36. Rd2 Rxd2+ 37. Bxd2 Bc2 38. Re1 Re6 39. Bc3 {Re2 is the strong threat.} Nf4 40. Ng7 Rc6 41. Kg3 (41. Nf5 $11 Bd8 42. Kg3) 41... Kd7 (41... f6 $15) 42. Nf5 $11 h5 43. Ne3 Bh7 44. Nd5 Rh6 45. Nxf4 gxf4+ 46. Kxf4 hxg4 47. hxg4 Rh2 (47... Ke6 $11) 48. Ne2 (48. Kg3 $14 Rc2 49. Ba1) 48... Bh4 {[%mdl 1024] Black has compensation.} 49. Rd1+ Ke6 50. Ke3 Bf2+ 51. Kf4 ({White should play} 51. Kd2 $1 $15) 51... Bc2 $1 $17 {[%csl LRb3,LRd1]} 52. Rd2 Bxb3 53. Ke4 {[#]} Bxc4 (53... Ke7 $1 $17 {aiming for ...Be1.} 54. Nf4 Bg3 55. Nd5+ Kd8 56. Rxh2 Bxh2) 54. Nf4+ $11 Ke7 {[#] White must now prevent ...Bg3.} 55. e6 $1 {[%mdl 512]} Bxe6 {Hoping for ...Bg3.} 56. g5 {Bf6+ would kill now.} Bd7 57. Nd5+ Kf8 {Strongly threatening ...Bg1.} 58. Nxc7 Rh4+ 59. f4 Rh3 (59... Bc6+ $14 60. Kf5 Bd4 61. Bxd4 cxd4) 60. Rxd7 $16 {White threatens Rd8+ and mate.} Rxc3 61. Nd5 Rb3 $2 {[%mdl 8192]} (61... Rc4+ $16 62. Kf3 Bd4) 62. Rd8+ Kg7 {[#]} 63. Nf6 $1 {Precision: White = 51%, Black = 39%.} 1-0

[Event "SVK Extraliga 2017-18"]
[Site "Slovakia"]
[Date "2017.12.09"]
[Round "5"]
[White "Nagy, Gabor"]
[Black "Papp, Gabor"]
[Result "1/2-1/2"]
[WhiteElo "2472"]
[BlackElo "2602"]
[Annotator "TA"]
[PlyCount "26"]
[EventDate "2017.??.??"]
[EventType "team-tourn"]
[EventCountry "SVK"]
[SourceTitle "playchess.com"]
[Source "ChessBase"]
[SourceQuality "1"]

{[%evp 18,26,19,0,18,8,22,30,26,31,51]} 1. d4 Nf6 2. Nf3 e6 3. c4 d5 4. Nc3 Nbd7 5. cxd5 exd5 6. Bg5 c6 7. e3 h6 {D35: Queen's Gambit Declined: Exchange Variation} (7... Qa5 8. Bd3 Ne4 9. Qc2 Nxg5 10. Nxg5 Nf6 11. O-O h6 12. Nf3 Bd6 13. Rae1 O-O 14. Ne5 Bxe5 15. dxe5 Ng4 16. f4 Nxe3 17. Rxe3 d4 18. Ree1 dxc3 19. bxc3 {½-½ (71) Bacrot,E (2715)-Fressinet,L (2650) Agen 2017}) 8. Bh4 g5 9. Bg3 Nh5 10. Be5 {LiveBook: 4 Games} Ng7 11. Bd3 Nxe5 12. Nxe5 Bd6 13. O-O $146 ({Predecessor:} 13. f4 gxf4 14. exf4 Bxe5 15. dxe5 {0-1 (43) Riess,A (2224)-Yankelevich,L (2447) Stroebeck 2017}) 13... Bxe5 1/2-1/2

[Event "SVK Extraliga 2017-18"]
[Site "Slovakia"]
[Date "2017.12.09"]
[Round "5"]
[White "Czebe, Attila"]
[Black "Horvath, Mario"]
[Result "*"]
[WhiteElo "2469"]
[BlackElo "2224"]
[Annotator "TA RC"]
[PlyCount "57"]
[EventDate "2017.??.??"]
[EventType "team-tourn"]
[EventCountry "SVK"]
[SourceTitle "playchess.com"]
[Source "ChessBase"]
[SourceQuality "1"]

{[%evp 11,57,0,3,0,20,20,20,11,48,14,41,-22,-10,-16,0,4,9,0,12,12,43,30,99,-135,-22,-35,0,-39,-19,-79,-70,-133,-137,-162,-108,-225,-206,-444,-451,-428,-346,-334,-337,-414,-407,-387,-397,-550]} 1. e4 c5 2. Nf3 e6 3. b3 b6 4. Nc3 Bb7 5. Bb2 Nc6 6. Qe2 {B40: Sicilian: 2...e6, Unusual lines} (6. g3 Nd4 7. Bg2 Nxf3+ 8. Qxf3 Ne7 9. O-O-O Nc6 10. Ne2 e5 11. Qg4 h5 12. Qh3 d6 13. f4 Bc8 {1-0 (39) Onischuk,V (2601)-Vitiugov,N (2726) Doha 2016}) 6... Nd4 {LiveBook: 3 Games} 7. Qd3 Nxf3+ 8. Qxf3 {The position is equal.} Ne7 9. Qg3 Nc6 10. Nb5 {Nc7+ is the strong threat.} d6 11. a4 (11. d4 $14) 11... a6 $11 12. Na3 Nd4 13. Bd3 h5 14. h4 $146 e5 15. Nc4 Rh6 16. Qg5 Qc7 (16... d5 $11 17. exd5 Bxd5) 17. Rh2 $2 (17. Bxd4 $1 $16 {Hoping for Bb2.} cxd4 18. O-O) 17... Ne6 (17... d5 $1 $17 {[%cal Rd5c4]} 18. Ne3 (18. exd5 $2 e4 $17) 18... dxe4) 18. Qe3 Be7 19. g3 b5 $36 {[%mdl 2048] Black has some pressure.} 20. Na3 {[#]} (20. axb5 $11 {keeps the balance.} axb5 21. Rxa8+ Bxa8 22. Na3) 20... c4 $1 $17 {[%cal Bc5c4,Bc4c3][%mdl 544]} 21. Be2 {[#]} (21. bxc4 $15 b4 22. Nb1) 21... Nd4 $1 {And now ...b4 would win.} 22. Bd1 {[#]} Qc6 (22... d5 $1 $19 {White must now prevent ...b4.} 23. exd5 Bxd5) 23. f3 (23. bxc4 $17 {is a better defense.} bxc4 24. f4) 23... d5 $19 24. d3 $2 (24. bxc4 bxc4 25. Bxd4 exd4 26. Qxd4) 24... c3 25. Bc1 O-O-O 26. Qf2 Bc5 ({Weaker is} 26... bxa4 27. Bxh6 gxh6 28. b4 $17) 27. Be3 Rf6 28. axb5 axb5 29. Qg2 {Precision: White = 26%, Black = 51%.} *

[Event "SVK Extraliga 2017-18"]
[Site "Slovakia"]
[Date "2017.12.09"]
[Round "5"]
[White "Petenyi, Tamas"]
[Black "Farkas, Gabor"]
[Result "1/2-1/2"]
[WhiteElo "2464"]
[BlackElo "2386"]
[Annotator "TA"]
[PlyCount "88"]
[EventDate "2017.??.??"]
[EventType "team-tourn"]
[EventCountry "SVK"]
[SourceTitle "playchess.com"]
[Source "ChessBase"]
[SourceQuality "1"]

{[%evp 9,88,30,25,33,52,59,65,47,56,44,47,66,54,52,66,65,65,67,102,104,162,161,168,161,153,111,163,104,106,119,126,103,172,161,226,219,230,210,223,225,297,249,244,116,101,54,54,54,58,56,65,35,41,27,38,27,31,0,2,0,0,0,0,0,0,0,0,0,0,0,43,43,43,43,43,43,43,43,43,36,36]} 1. Nf3 c5 2. g3 g6 3. Bg2 Bg7 4. O-O (4. d4 cxd4 5. Nxd4 Nc6 6. Nb3 d6 7. O-O h5 8. h4 Be6 9. N1d2 Qd7 10. Nf3 Bh3 11. Bxh3 Qxh3 12. Qd5 Qd7 13. Rd1 Nf6 14. Qd3 O-O 15. Bg5 {0-1 (39) Laznicka,V (2672)-Navara,D (2739) Chartres 2017}) 4... Qb6 5. Nc3 Nf6 $146 ({Predecessor:} 5... e6 6. e4 d6 7. d3 Ne7 8. Nd2 O-O 9. Nc4 Qd8 10. Ne3 Nbc6 11. f4 f5 {½-½ (49) Richter,M (2218)-Rosmann,I (2307) Germany 2014}) 6. e4 {A04: Unusual lines after 1 Nf3 and King's Indian Attack} d6 7. e5 dxe5 8. Nxe5 Be6 9. Qf3 Nbd7 10. Nxd7 Nxd7 11. Qxb7 Qxb7 12. Bxb7 Rb8 13. Bg2 c4 14. b3 Bf5 (14... h5 $16) 15. Ba3 $18 Bxc2 16. Rfe1 e6 17. Rac1 Bd3 (17... cxb3 $16 {was called for.} 18. axb3 Rxb3) 18. bxc4 (18. Ne4 $18 Bd4 19. Nd6+ (19. bxc4 Bxe4 20. Bxe4 Nc5 $16) 19... Kf8 20. Bc6 (20. bxc4 Bb2 $16) (20. Nxc4+ Kg7 $16)) 18... Bf8 $16 19. Bxf8 Kxf8 20. Nb5 $36 {[%mdl 2048] Keeping Black busy.} a5 (20... Kg7 $16 {is a better defense.}) 21. Nd4 $18 Rb4 {[#]} (21... Kg7 $142 22. Rc3 Rb1 23. Rxb1 Bxb1) 22. Rc3 $1 {[%cal Rc3d3]} Bf5 23. h3 Nc5 24. g4 Bb1 25. Nc6 Rb2 26. Nxa5 (26. Re5 $18 {has better winning chances.} Nd7 27. Rb5 Rxb5 28. cxb5) 26... Nd3 $16 27. Rf1 Nf4 $1 {[%cal Rf4e2] [#] And now ...Ne2+ would win.} 28. Rb3 Rxa2 {Threatens to win with ...Bd3.} 29. Rfxb1 {aiming for Rb8+.} Rxa5 30. Bf1 Kg7 31. Rf3 g5 32. Rb5 Rha8 33. h4 h6 34. hxg5 hxg5 35. Rfb3 Kf6 36. c5 Rxb5 37. Bxb5 $11 {[%mdl 4096] Endgame KRB-KRN} Ra1+ 38. Kh2 Ra2 39. c6 Rxd2 40. Rc3 $1 {White is slightly better.} Nd5 $1 41. c7 $1 Nxc7 (41... Nxc3 $2 {perishes.} 42. Bc6 $18) 42. Rxc7 {Strongly threatening Kg3.} Rxf2+ 43. Kg3 Rf4 44. Be8 Kg7 {Precision: White = 66%, Black = 55%.} 1/2-1/2

[Event "SVK Extraliga 2017-18"]
[Site "Slovakia"]
[Date "2017.12.09"]
[Round "5"]
[White "Nayhebaver, Martin"]
[Black "Caletka, Radomir"]
[Result "1/2-1/2"]
[WhiteElo "2449"]
[BlackElo "2290"]
[Annotator "TA"]
[PlyCount "86"]
[EventDate "2017.??.??"]
[EventType "team-tourn"]
[EventCountry "SVK"]
[SourceTitle "playchess.com"]
[Source "ChessBase"]
[SourceQuality "1"]

{[%evp 15,86,0,39,-15,-15,-9,-8,-28,-8,-10,3,-19,27,-59,0,-16,0,-50,-37,-52,-55,-56,-11,-14,-16,-25,-12,-33,0,0,0,-70,-76,-80,-94,-78,-58,-73,-66,-73,-53,-34,-14,-74,-85,-98,-92,-101,-79,-99,-107,-99,-106,-110,-106,-156,-150,-144,-16,-97,-86,-97,-8,-8,-8,-8,-8,-15,-13,-15,-17,-26,0]} 1. e4 c6 2. Nc3 d5 3. Nf3 Bg4 4. h3 Bxf3 5. Qxf3 e6 6. d3 Nf6 7. a3 Nbd7 8. g4 g6 {LiveBook: 12 Partien} 9. Qe2 {B11: Caro-Kann (Zweispringer-Variante)} (9. Be3 $14) (9. Qg3 Qb6 10. Bg2 O-O-O 11. f4 h5 12. e5 Ng8 13. Ne2 Bg7 14. d4 hxg4 15. hxg4 Rxh1+ 16. Bxh1 Ne7 {0-1 (44) Ter Sahakyan,S (2512)-Rozum,I (2458) Kemer 2009}) 9... d4 $146 ({Vorgänger:} 9... dxe4 10. dxe4 Qc7 11. f4 O-O-O 12. Bd2 g5 13. fxg5 Qg3+ 14. Qf2 Qxf2+ 15. Kxf2 Nc5 16. Bd3 Nfxe4+ 17. Bxe4 Rxd2+ {1-0 (32) Yilmaz,M (2288)-Ozturk,E (2197) Antalya 2008}) 10. Nb1 e5 11. Bg2 {Die Stellung ist ausgeglichen.} Nc5 12. f4 Nfd7 13. O-O Bg7 14. Nd2 (14. f5 $1 $11) 14... Qe7 (14... exf4 $15 15. Nc4 g5) 15. Nf3 h5 16. gxh5 Rxh5 17. fxe5 Ne6 $1 18. c3 c5 19. cxd4 cxd4 20. Bd2 Nxe5 21. Rac1 Nc6 22. Rc2 Kf8 23. b4 (23. h4 $11) 23... Kg8 $15 24. Qf2 Rf8 25. Qg3 Ne5 26. Nh2 Bf6 27. Bf3 Bh4 28. Qg2 Rh7 29. Be2 (29. Ng4 $1 $11 Nxf3+ 30. Qxf3) 29... Bg5 $36 {[%mdl 2048] zielt auf ...Lxd2 ab. Schwarz ist am Drücker.} 30. Ng4 {Droht Lxg5 und aus.} Nd7 $1 31. Bxg5 Qxg5 32. Nf6+ Nxf6 33. Qxg5 Nxg5 34. Rxf6 Rxh3 35. Rc7 {[#]} Re3 $1 {[%cal Re3e2]} 36. Bf1 Rb8 ({Lieber} 36... Kg7 $17 37. Rf2 Nf3+ 38. Kg2 Ne1+ 39. Kg1 b6 40. Rxa7 Rg3+ 41. Kh2 Rg4) 37. Rd6 (37. Kf2 $1 $11 {bleibt in der Remisbreite.}) 37... Ne6 38. Re7 {[#]} Kf8 (38... Rc8 $1 $17 {[%cal Rc8c2]} 39. Rdd7 Rc2 40. Re8+ Kg7 41. Rxe6 Rg3+ 42. Kh1 Rf2) 39. Rdd7 $11 Nd8 40. Kf2 Rc8 {...Tc2+ ist eine echte Drohung.} 41. Rc7 Rxc7 42. Rxc7 Ke8 43. a4 f5 {Precision: Weiß = 40%, Schwarz = 51%.} 1/2-1/2

[Event "SVK Extraliga 2017-18"]
[Site "Slovakia"]
[Date "2017.12.09"]
[Round "5"]
[White "Bagi, Mate"]
[Black "Szeko, Ludovit"]
[Result "1-0"]
[WhiteElo "2435"]
[BlackElo "2073"]
[Annotator "TA"]
[PlyCount "73"]
[EventDate "2017.??.??"]
[EventType "team-tourn"]
[EventCountry "SVK"]
[SourceTitle "playchess.com"]
[Source "ChessBase"]
[SourceQuality "1"]

{[%evp 22,73,111,93,123,128,130,127,129,112,108,114,119,116,132,131,136,122,127,124,157,121,182,110,112,81,101,91,292,75,66,72,152,143,175,164,183,195,189,177,228,220,243,240,294,236,322,319,356,352,402,287,625,626]} 1. e4 {[%cal Be2e4,Be4e5][%mdl 32]} Nf6 2. e5 Nd5 3. d4 d6 4. c4 Nb6 5. exd6 cxd6 6. Nc3 g6 7. Be3 Bg7 8. Rc1 O-O 9. b3 Nc6 10. d5 Ne5 11. Be2 f5 12. f4 Nf7 {B03: Alekhine's Defence: Four Pawns Attack} (12... Ng4 13. Bd4 e5 14. dxe6 Bxe6 15. Bxg4 Bxd4 16. Qxd4 fxg4 17. Nge2 Qh4+ 18. Ng3 Qf6 19. Qxf6 Rxf6 20. O-O d5 {1-0 (40) Azarov,S (2582)-Bernadskiy,V (2529) Lvov 2017}) 13. Nf3 e5 14. dxe6 $1 Bxe6 {White is better.} 15. O-O Re8 16. Bd4 Bf8 17. Bf2 $146 ({Predecessor:} 17. Kh1 Rc8 18. Qd2 Nd7 19. Rfd1 Nc5 20. Qb2 {½-½ (49) Szabo,V (2030)-Beneteau,H (2085) Paks 1998}) 17... Bd7 18. Nd4 Bc6 19. Nxc6 bxc6 20. Bf3 Qc7 21. Qd3 a5 (21... Rad8 $16 {might work better.}) 22. Rfe1 ({Better is} 22. Nb5 $1 $18 {[%cal Rb5c7]} cxb5 23. cxb5) 22... Nd7 23. Re2 (23. Na4 {feels hotter.} Bg7 24. Qd2 Nf6 25. Bb6 Qd7 26. Bd4) 23... Rxe2 24. Qxe2 Bg7 $2 {[#]} (24... Rc8 $16 {was necessary.}) 25. Na4 $2 (25. Nb5 $1 $18 {[%cal Rb5c7][%mdl 512] and the rest is easy.} Qc8 (25... cxb5 26. Bxa8) 26. Na7) 25... Nf6 $16 26. Qd3 Nd7 ({Black should play} 26... Re8) 27. Re1 Bf8 28. g3 Nc5 29. Nxc5 dxc5 30. Re6 Rd8 (30... Bd6 $142 31. Qd1 Qd7) 31. Qe2 $18 Rd6 32. Re8 Qa7 33. Kg2 Kg7 34. Be1 {[%cal Bf2e1,Be1c3,Bc3d4][%mdl 32]} Qc7 35. Bc3+ Rd4 36. Re6 Bd6 $2 (36... Nd8 37. Bxd4+ cxd4 38. Qe5+ Qxe5 39. Rxe5 Bb4) 37. Bxd4+ {Precision: White = 59%, Black = 39%.} 1-0

[Event "SVK Extraliga 2017-18"]
[Site "Slovakia"]
[Date "2017.12.09"]
[Round "5"]
[White "Manik, Mikulas"]
[Black "Pinter, Erik"]
[Result "1-0"]
[WhiteElo "2415"]
[BlackElo "2381"]
[Annotator "TA"]
[PlyCount "88"]
[EventDate "2017.??.??"]
[EventType "team-tourn"]
[EventCountry "SVK"]
[SourceTitle "playchess.com"]
[Source "ChessBase"]
[SourceQuality "1"]

{[%evp 12,88,30,21,19,14,25,7,7,10,20,27,29,40,35,27,38,35,34,27,42,40,45,20,21,21,22,36,45,23,55,50,85,85,77,77,81,72,80,80,80,85,75,82,150,153,205,229,229,235,316,302,299,293,300,312,303,292,353,331,326,317,308,288,413,410,393,376,1568,1600,29972,29973,29979,29980,29980,29981,29972,29973,29985]} 1. e4 c5 2. Nf3 Nc6 3. Bb5 g6 4. Bxc6 dxc6 5. h3 Bg7 6. d3 Nf6 7. Nc3 Nd7 {B31: Sicilian: 2...Nc6 3 Bb5 g6} 8. Be3 e5 9. a3 Qe7 {The position is equal.} 10. Qd2 h6 11. O-O a5 12. Nh2 h5 $146 ({Predecessor:} 12... a4 13. f4 exf4 14. Bxf4 Nf8 15. e5 Ne6 16. Ne4 Nxf4 17. Nd6+ {0-1 (37) Navara,D (2708)-Jirovsky,M (2480) Brno 2013}) 13. f4 exf4 14. Bxf4 a4 15. Nf3 Ne5 16. Nxe5 Bxe5 17. Bxe5 Qxe5 18. Qf4 Qxf4 19. Rxf4 g5 20. Rf6 Be6 21. e5 Ra5 22. Ne4 g4 23. hxg4 hxg4 24. Raf1 $1 $36 {[%mdl 2048] White has strong initiative.} Ke7 {[#]} 25. Ng5 $1 Rb5 26. Nxe6 (26. Nxf7 Rh5 $11) 26... fxe6 $16 {[%mdl 4096] Endgame KRR-KRR} 27. Rf7+ Kd8 {[#]} ({Black should try} 27... Ke8) 28. R1f4 $1 {[%csl LRa4,LRg4][%cal Rf4a4]} Kc8 (28... Re8 $16) 29. Rxa4 $18 {[%cal Ra4a8]} Kb8 30. b3 ({Don't play} 30. Rxg4 $6 Rxb2 31. Rc4 Ra2) 30... Rh5 31. Rxg4 Rxe5 32. a4 Rb4 33. Rxb4 cxb4 {KR-KR} 34. Rf4 Re2 35. Rc4 ({Not} 35. Rxb4 Rxc2 36. g4 Rc3 $16) 35... Kc7 36. g4 {[%cal Bg2g4,Bg4g5,Bg5g6,Bg6g7][%mdl 32]} (36. Rxb4 Rxc2 37. g4 Rd2 $14) 36... Kd6 37. Rxb4 Rxc2 (37... b5 {was worth a try.} 38. axb5 cxb5) 38. Rxb7 Ke5 39. Rf7 Rb2 $2 (39... Kd6 40. Kf1 Rc1+ 41. Kf2 Rc2+ 42. Ke3 Rg2) 40. g5 Rxb3 41. g6 {White mates.} Rb8 42. g7 Rg8 43. a5 {[%cal Ba4a5,Ba5a6][%mdl 32]} Kd4 44. a6 Kd5 {Precision: White = 92%, Black = 44%.} 1-0

[Event "SVK Extraliga 2017-18"]
[Site "Slovakia"]
[Date "2017.12.09"]
[Round "5"]
[White "Mrva, Martin"]
[Black "Druska, Juraj"]
[Result "1-0"]
[WhiteElo "2401"]
[BlackElo "2438"]
[Annotator "TA"]
[PlyCount "47"]
[EventDate "2017.??.??"]
[EventType "team-tourn"]
[EventCountry "SVK"]
[SourceTitle "playchess.com"]
[Source "ChessBase"]
[SourceQuality "1"]

{[%evp 11,47,14,13,0,0,-19,0,0,0,-33,-22,-43,-14,-34,-7,-70,0,0,-9,-4,13,0,0,-12,-16,-23,65,66,202,202,199,199,182,16,1165,597,597,595]} 1. e4 c5 2. Nf3 Nc6 3. Bb5 g6 4. O-O Bg7 5. Re1 e5 6. b4 Nxb4 {LiveBook: 21 Games} 7. c3 {B31: Sicilian: 2...Nc6 3 Bb5 g6} (7. Bb2 Qc7 8. c3 Nc6 9. d4 d6 10. d5 a6 11. Na3 Ke7 12. Bf1 Nd8 13. Nc4 b5 14. Ne3 Nf6 {0-1 (44) Rapport,R (2676)-Granda Zuniga,J (2665) Camarinas 2013}) 7... Nc6 8. d4 exd4 9. e5 {[%cal Rc3d4] The position is equal.} Nge7 10. cxd4 cxd4 11. Ba3 O-O 12. Nbd2 d5 13. exd6 (13. Bxc6 $11 bxc6 14. Nxd4) 13... Nf5 (13... Nd5 $15 14. Qc1 Nc3 15. Bxc6 bxc6) 14. Bxc6 $1 $11 bxc6 15. Rc1 $146 Qa5 16. Bc5 Qxa2 17. Nc4 Be6 18. Nfe5 {[#] And now Ra1 would win.} Rfb8 (18... Bxc4 $11 19. Nxc4 Bh6) 19. Nxc6 $14 Bxc4 (19... h5 $14) 20. Nxb8 $18 Rxb8 21. Ra1 Qb3 22. d7 $2 {[#]} (22. Qxb3 $18 Bxb3 23. Rab1) 22... Ne3 $2 {[%mdl 8192]} (22... Qxd1 $11 23. Raxd1 Be6) 23. Qxb3 Bxb3 24. Rab1 {Precision: White = 44%, Black = 32%.} 1-0

[Event "SVK Extraliga 2017-18"]
[Site "Slovakia"]
[Date "2017.12.09"]
[Round "5"]
[White "Roubalik, Jakub"]
[Black "Karas, Marek"]
[Result "1-0"]
[WhiteElo "2396"]
[BlackElo "2240"]
[Annotator "NA"]
[PlyCount "63"]
[EventDate "2017.??.??"]
[EventType "team-tourn"]
[EventCountry "SVK"]
[SourceTitle "playchess.com"]
[Source "ChessBase"]
[SourceQuality "1"]
[TimeControl "40/5400+30:1800+30"]

{[%evp 15,54,5,12,14,14,14,20,30,27,35,39,33,45,27,41,29,47,28,46,42,31,22,57,32,49,49,89,13,143,175,250,182,352,339,517,645,682,691,589,439,397]} 1. d4 {[%emt 0:00:00]} e6 {[%emt 0:00:07]} 2. c4 {[%emt 0:00:06]} f5 {[%emt 0:00:08]} 3. Nc3 {[%emt 0:04:26]} Nf6 {[%emt 0:00:27]} 4. Nf3 {[%emt 0:00:10]} Bb4 {[%emt 0:00:34]} 5. Qb3 {[%emt 0:02:11]} Qe7 {[%emt 0:02:38]} 6. a3 {[%emt 0:00:23]} Bxc3+ {[%emt 0:00:15]} 7. Qxc3 {[%emt 0:00:02]} O-O {[%emt 0:00:24]} 8. b4 {[%emt 0:05:28]} b6 {[%emt 0:01:27]} 9. e3 {[%emt 0:00:41]} Bb7 {[%emt 0:00:24]} 10. Be2 {[%emt 0:00:18]} d6 {[%emt 0:03:29]} 11. Bb2 {[%emt 0:04:33]} Ne4 {[%emt 0:01:37]} 12. Qc2 {[%emt 0:06:00]} Nd7 {[%emt 0:01:19]} 13. O-O {[%emt 0:00:25] LiveBook: 31 Games} Ng5 {[%emt 0:10:26] E32: Nimzo-Indian: Classical (4 Qc2): 4...0-0} (13... c5 14. Nd2 Qg5 15. f4 Qg6 16. Nf3 Ndf6 17. Rad1 Ng4 18. Qb3 Qh6 19. bxc5 Nxc5 20. dxc5 Bxf3 21. h3 Bxe2 22. hxg4 fxg4 23. e4 Bxf1 24. Rxf1 Rxf4 {0-1 (24) Karpov,A (2619)-Anand,V (2788) Moscow 2009}) 14. d5 {[%emt 0:06:34]} Nxf3+ {[%emt 0:01:36]} 15. Bxf3 {[%emt 0:00:10]} e5 {[%emt 0:05:39]} 16. e4 {[%emt 0:05:35]} g6 $146 {[%emt 0:05:48]} ({Predecessor:} 16... f4 17. Bc3 Qh4 18. c5 Nf6 19. a4 Bc8 20. Qe2 g5 21. g3 {½-½ (55) Galperin,I (2000)-Korovin,A (2000) ICCF email 2008}) 17. g3 {[%emt 0:07:26]} f4 {[%emt 0:03:22]} 18. Bg4 {[%emt 0:00:15]} h5 {[%emt 0:05:15]} 19. Be6+ {[%emt 0:00:19]} Kh7 {[%emt 0:00:15]} 20. f3 {[%emt 0:00:49]} g5 {[%emt 0:05:12]} 21. Qg2 {[%emt 0:03:58]} (21. Bf5+ $16 Kh8 22. gxf4 gxf4 23. Kh1) 21... Kh6 {[%emt 0:07:29]} (21... Nf6 $11 {keeps the balance.}) 22. Kh1 {[%emt 0:06:24]} fxg3 {[%emt 0:22:35]} (22... Rae8 $142 23. Rg1 Bc8) 23. Qxg3 {[%emt 0:17:52]} ({Much less strong is} 23. hxg3 $6 Nf6 $16) 23... Nf6 $2 {[%emt 0:04:49]} (23... Rf4 24. Bc1 Nf8) 24. h4 {[%emt 0:06:41]} Nh7 $2 {[%emt 0:00:48]} (24... g4 25. fxg4 hxg4 26. Bxg4 Nh5) 25. hxg5+ {[%emt 0:03:48]} Qxg5 {[%emt 0:01:36]} 26. Bc1 {[%emt 0:00:10]} Rf4 $18 {[%emt 0:00:06]} 27. Bxf4 {[%emt 0:00:05]} exf4 {[%emt 0:00:12]} 28. Qh2 {[%emt 0:04:38]} Qg3 {[%emt 0:01:06]} 29. Qxg3 {[%emt 0:01:44]} fxg3 {[%emt 0:00:08]} 30. f4 {[%emt 0:00:05]} Re8 {[%emt 0:00:35]} 31. Kg2 {[%emt 0:01:05]} Nf6 {[%emt 0:00:26]} 32. Rae1 {[%emt 0:01:05]} 1-0